Szeged város kövei
Elmentve itt :
| Szerző: | |
|---|---|
| Dokumentumtípus: | Cikk |
| Megjelent: |
1942-12-13
|
| Sorozat: | Délmagyarország
18 No. 283 |
| Kulcsszavak: | Banner János, Régészet Szeged 1942, Művelődéstörténet Szeged 1942, Szeged |
| Online Access: | http://dmarchiv.bibl.u-szeged.hu/51169 |
| LEADER | 00507nab a2200157 i 4500 | ||
|---|---|---|---|
| 001 | delm51169 | ||
| 005 | 20180927134814.0 | ||
| 008 | 180927s1942 hu o 0|| hun d | ||
| 040 | |a SZTE Délmagyarország Archívum |b hun | ||
| 041 | |a hun | ||
| 100 | 1 | |a Beretzk Péter | |
| 245 | 1 | 0 | |a Szeged város kövei |h [elektronikus dokumentum] / |c Beretzk Péter |
| 260 | |c 1942-12-13 | ||
| 300 | |a 2 | ||
| 490 | 0 | |a Délmagyarország |v 18 No. 283 | |
| 695 | |a Banner János, Régészet Szeged 1942, Művelődéstörténet Szeged 1942, Szeged | ||